| Поле | Название | Значение |
| |
Тип записи |
a |
| |
Библиографический уровень |
m |
| 001 |
Контрольный номер |
RU/SLIB/B/208714897 |
| 005 |
Дата корректировки |
20230320164006.5 |
| 010 |
Индекс ISBN |
__ |
| d |
Цена |
3-50 |
| 101 |
Язык документа |
0_ |
| a |
Язык текста |
rus |
| 200 |
Заглавие и сведения об ответственности |
1_ |
| a |
Заглавие |
Общая аллергология |
| e |
Сведения, относящиеся к заглавию |
рук. для врачей |
| f |
Первые сведения об ответственности |
Адо, А. Д. |
| b |
Общее обозначение материала |
Текст |
| 205 |
Сведения об издании |
__ |
| a |
Основные сведения об издании |
2-е изд., перераб. и доп. |
| 210 |
Выходные данные |
1_ |
| a |
Место издания |
М. |
| c |
Издательство |
Медицина |
| d |
Дата издания |
1978 |
| 215 |
Физическое описание |
__ |
| a |
Объем |
464 с. |
| c |
Иллюстрации/тип воспроизводства |
ил. |
| 330 |
Аннотация |
__ |
| a |
Аннотация |
В книге подробно разобраны причины этого явления, а также взаимоотношения процесса аллергии с реактивностью, иммунитетом, иммунологической толерантностью. Особое внимание уделено значению наследственности и конституции в возникновении аллергии. Автор приводит свою оригинальную классификацию аллергии, основанную на патологическом принципе. Специальная глава посвящена разбору разнообразных аллергенов (ДНК, вирусы, бактерии, грибы, пыльца растений, пища, пыль, лекарства, эпидермис и его производные и пр. ) и их свойств. Рассмотрены иммунологические и физико-химические свойства аллергических антител. Описаны некоторые методы их обнаружения. Специальное внимание уделено анти-антителам. Все аллергические реакции делятся на химергические и китергические. В механизме химергических реакций различают три последовательные фазы: иммунологическую, патохимическую, патофизиологическую. Соответственно этому в книге детально разобраны все механизмы этих фаз. Описаны аллергические реакции некоторых клеток. Специальное внимание уделено аллергической альтерации лейкоцитов и роли тканевых тучных клеток и базофилов в аллергии. |
| 606 |
Тематические рубрики |
__ |
| a |
Основная рубрика |
Здравоохранение. Медицинские науки |
| 2 |
Код системы |
nlr_sh |
| 606 |
Тематические рубрики |
__ |
| a |
Основная рубрика |
Общая патология |
| 2 |
Код системы |
nlr_sh |
| 610 |
Ключевые слова |
0_ |
| a |
Ключевые слова |
аллергены; аллергические болезни; аллергия; аллергические заболевания; аллергология |
| 610 |
Ключевые слова |
0_ |
| a |
Ключевые слова |
аллергические реакции |
| 610 |
Ключевые слова |
0_ |
| a |
Ключевые слова |
аллергические антитела |
| 686 |
Индексы других классификаций |
__ |
| a |
Классификационный индекс |
52.72 |
| 2 |
Код системы |
rubbks |
| 700 |
Автор |
_1 |
| a |
Фамилия |
Адо |
| b |
Имя |
А. Д. |
| 4 |
Код отношения |
070 |
| 801 |
Источник записи |
_0 |
| a |
Страна |
RU |
| b |
Организация |
Муниципальное бюджетное учреждение культуры "Централизованная библиотечная система" г. Сургут (Центральная городская библиотека им. А. С. Пушкина) |
| g |
Правила каталогизации |
PSBO |
| 801 |
Источник записи |
_1 |
| a |
Страна |
RU |
| b |
Организация |
Муниципальное бюджетное учреждение культуры "Централизованная библиотечная система" г. Сургут (Центральная городская библиотека им. А. С. Пушкина) |
| g |
Правила каталогизации |
PSBO |
| 852 |
Данные о местонахождении |
__ |
| j |
Шифр хранения |
52.72 |
| c |
Каталожный индекс |
52.5 |
| i |
Авторский знак |
А 31 |
| p |
Инвентарный номер |
128029(с) |
| 901 |
Тип документа |
__ |
| t |
Тип документа |
m |
| a |
Ответственный |
К/Пронина |
| 903 |
Характеристики (МАРС) |
__ |
| a |
Дата передачи |
20081029; 20080626 |
| 990 |
Данные о заказе (DOS) |
__ |
| j |
Количество экземпляров (DOS) |
1 |